Countries Josèfe Amiere has been to (Map) - Statistics

General Stats
  • This quiz has been taken 5 times
    4 since last reset
  • The average score is 11 of 18
Answers on the Map
Answers color-coded by a green-red scale on the quiz's map according to % correct below.
 
Answer Stats
Country % Correct
Australia
100%
België/Belgique/Belgien/Belgium
100%
Österreich/Austria
100%
Danmark/Denmark
67%
España/Spain
67%
France
67%
Italia/Italy
67%
Magyarország/Hungary
67%
New Zealand/Aotearoa
67%
ประเทศไทย/Pratheṣ̄thịy/Thailand
67%
Suomi/Finland
67%
Sverige/Sweden
67%
United Kingdom
67%
Deutschland
33%
Hrvatska
33%
الإمارات العربية المتحدة/Imārāt Arabiyya Muttaḥida/United Arab Emirates
33%
新加坡/Singapura/சிங்கப்பூர்/Ciṅkappūr/Singapore
33%
Slovenija/Slovenia
33%
No matching quizzes found
Score Distribution
Percent of People with Each Score
Percentile by Number Answered
Your Score History
You have not taken this quiz since the last reset